Представление документа в формате RUSMARC

ПолеНазваниеЗначение
  Тип записи a
  Библиографический уровень c
001 Контрольный номер 63dc4803d15e43b48ea9bce87ea35ae6
005 Дата корректировки 20241121143519.1
010 Индекс ISBN __
a ISBN 978-5-00083-427-5
d Цена 475-00
b Уточнения в пер.
100 Данные общей обработки __
a Данные общей обработки 19190114d2018 da y0rusy028902 ca
101 Язык документа 0_
a Язык текста rus
102 Страна публикации __
a Страна публикации RU
105 Кодированные данные (монография) __
a Кодированные данные (монография) y z 000ay
181 Поле кодированных данных: вид содержания _0
a Код вида содержания (ISBD) i
182 Поле кодированных данных: тип средства _0
a Код типа средства (ISBD) n
200 Заглавие и сведения об ответственности 1_
a Заглавие Второй
e Сведения, относящиеся к заглавию рассказы : для среднего и старшего школьного возраста
f Первые сведения об ответственности Нина Дашевская
203 Вид содержания и тип средства __
a Вид содержания Текст
c Тип средства непосредственный
210 Выходные данные 1_
a Место издания Москва
c Издательство КомпасГид
d Дата издания 2018
215 Физическое описание __
a Объем 125, [2] с.
d Формат 22 см
330 Аннотация __
a Аннотация Нина Дашевская - писатель, умеющий парой слов раскрыть самое сокровенное в душе героя. Каждая её книга - будто коллекция психологических советов, только в тысячу раз увлекательнее, красивее, музыкальнее. В прозе российской претендентки на премию им. Астрид Линдгрен главное - как высказана мысль. Собранные под этой обложкой рассказы по-разному затрагивают одну тему: не всегда ты чувствуешь себя первым, но куда важнее, что ты - другой, самоценный. Сравнивать себя с кем-то, вроде более удачливым, талантливым, пробивным, - дело пустое: тот, кем ты был вчера, - единственный камертон тебе сегодняшнему.
333 Примечание о целевом назначении __
a Примечание о целевом назначении 12+. Для детей старше 12 лет
464 Аналитический уровень _0
1 2001
a Лук
464 Аналитический уровень _0
1 2001
a Грошик
464 Аналитический уровень _0
1 2001
a Подросток N
464 Аналитический уровень _0
1 2001
a Цветок липы
464 Аналитический уровень _0
1 2001
a Кнехт
464 Аналитический уровень _0
1 2001
a Канатаходец
606 Тематические рубрики __
a Основная рубрика Художественная литература
2 Код системы nlr_sh
606 Тематические рубрики __
a Основная рубрика Современная русская литература (произведения)
2 Код системы nlr_sh
610 Ключевые слова 0_
a Ключевые слова детская литература
610 Ключевые слова 0_
a Ключевые слова русская литература
610 Ключевые слова 0_
a Ключевые слова подростковая литература
610 Ключевые слова 0_
a Ключевые слова рассказы
610 Ключевые слова 0_
a Ключевые слова рассказы для детей
610 Ключевые слова 0_
a Ключевые слова тема подростков
610 Ключевые слова 0_
a Ключевые слова подростки
610 Ключевые слова 0_
a Ключевые слова тема дружбы
610 Ключевые слова 0_
a Ключевые слова тема любви
610 Ключевые слова 0_
a Ключевые слова тема школьников
610 Ключевые слова 0_
a Ключевые слова школьники
610 Ключевые слова 0_
a Ключевые слова тема детей
686 Индексы других классификаций __
2 Код системы rubbks
a Классификационный индекс ст84(2=411.2)6-4
700 Автор _1
a Фамилия Дашевская
b Имя Н. С.
f Даты 1979-
g Полное личное имя Нина Сергеевна
4 Код отношения 070
801 Источник записи _0
a Страна RU
b Организация Муниципальное бюджетное учреждение культуры "Централизованная библиотечная система" г. Сургут (Центральная городская библиотека им. А. С. Пушкина)
c Дата составления 20190114
g Правила каталогизации PSBO
801 Источник записи _1
a Страна RU
b Организация Муниципальное бюджетное учреждение культуры "Централизованная библиотечная система" г. Сургут (Центральная городская библиотека им. А. С. Пушкина)
c Дата составления 20190114
g Правила каталогизации PSBO
852 Данные о местонахождении __
j Шифр хранения ст84(2=411.2)6-4
i Авторский знак Д 21
900 Макрообъекты __
a Макрообъекты Дашевская, Н. С. Второй, 2018
901 Тип документа __
t Тип документа x
a Ответственный КиК/Мамарузиева; ООФиК/Волкова
903 Характеристики (МАРС) __
a Дата передачи 20240329; 20190114
c Наименование библиотеки (МАРС) Муниципальное бюджетное учреждение культуры "Централизованная библиотечная система" г. Сургут (Центральная городская библиотека им. А. С. Пушкина)
969 Тип издания __
a Тип издания издание для детей
990 Данные о заказе (DOS) __
j Количество экземпляров (DOS) 1; 5
t N записи в КСУ для И/У (DOS) 202404; 201901